<?xml version="1.0" encoding="UTF-8"?>
<record
    xmlns:xsi="http://www.w3.org/2001/XMLSchema-instance"
    xsi:schemaLocation="http://www.loc.gov/MARC21/slim http://www.loc.gov/standards/marcxml/schema/MARC21slim.xsd"
    xmlns="http://www.loc.gov/MARC21/slim">

  <leader>00386nam a22001697a 4500</leader>
  <controlfield tag="003">SGT</controlfield>
  <datafield tag="020" ind1=" " ind2=" ">
    <subfield code="a">9789354641473</subfield>
  </datafield>
  <datafield tag="082" ind1=" " ind2=" ">
    <subfield code="a">616.31</subfield>
    <subfield code="b">B22G</subfield>
  </datafield>
  <datafield tag="100" ind1=" " ind2=" ">
    <subfield code="a">Glick, Michael...[et. al.]</subfield>
  </datafield>
  <datafield tag="245" ind1=" " ind2=" ">
    <subfield code="a">Burket's Oral Medicine</subfield>
  </datafield>
  <datafield tag="250" ind1=" " ind2=" ">
    <subfield code="a">13th</subfield>
  </datafield>
  <datafield tag="260" ind1=" " ind2=" ">
    <subfield code="a">United States</subfield>
    <subfield code="b">Wiley</subfield>
    <subfield code="c">2022</subfield>
  </datafield>
  <datafield tag="300" ind1=" " ind2=" ">
    <subfield code="a">1172</subfield>
  </datafield>
  <datafield tag="650" ind1=" " ind2=" ">
    <subfield code="a">Oral Medicine</subfield>
  </datafield>
  <datafield tag="653" ind1=" " ind2=" ">
    <subfield code="a">Oral Medicine</subfield>
  </datafield>
  <datafield tag="942" ind1=" " ind2=" ">
    <subfield code="2">ddc</subfield>
    <subfield code="c">BK</subfield>
    <subfield code="0">156</subfield>
  </datafield>
  <datafield tag="952" ind1=" " ind2=" ">
    <subfield code="0">0</subfield>
    <subfield code="1">0</subfield>
    <subfield code="2">ddc</subfield>
    <subfield code="4">0</subfield>
    <subfield code="7">1</subfield>
    <subfield code="a">FD</subfield>
    <subfield code="b">FD</subfield>
    <subfield code="c">REF</subfield>
    <subfield code="d">2022-05-11</subfield>
    <subfield code="e">Ahuja Book Co. Pvt. Ltd.</subfield>
    <subfield code="g">2599.00</subfield>
    <subfield code="i">SGTU</subfield>
    <subfield code="o">616.31 B22G</subfield>
    <subfield code="p">FD8671</subfield>
    <subfield code="r">2022-05-11 00:00:00</subfield>
    <subfield code="w">2022-04-16</subfield>
    <subfield code="y">BK</subfield>
    <subfield code="k">14353</subfield>
  </datafield>
  <datafield tag="952" ind1=" " ind2=" ">
    <subfield code="0">0</subfield>
    <subfield code="1">0</subfield>
    <subfield code="2">ddc</subfield>
    <subfield code="4">0</subfield>
    <subfield code="7">0</subfield>
    <subfield code="a">FD</subfield>
    <subfield code="b">FD</subfield>
    <subfield code="d">2022-05-11</subfield>
    <subfield code="e">Ahuja Book Co. Pvt. Ltd.</subfield>
    <subfield code="g">2599.00</subfield>
    <subfield code="i">SGTU</subfield>
    <subfield code="l">57</subfield>
    <subfield code="o">616.31 B22G</subfield>
    <subfield code="p">FD8672</subfield>
    <subfield code="q">2026-06-04</subfield>
    <subfield code="r">2026-05-21 00:00:00</subfield>
    <subfield code="s">2026-05-21</subfield>
    <subfield code="w">2022-04-16</subfield>
    <subfield code="y">BK</subfield>
    <subfield code="k">14353</subfield>
  </datafield>
  <datafield tag="952" ind1=" " ind2=" ">
    <subfield code="0">0</subfield>
    <subfield code="1">0</subfield>
    <subfield code="2">ddc</subfield>
    <subfield code="4">0</subfield>
    <subfield code="7">0</subfield>
    <subfield code="a">FD</subfield>
    <subfield code="b">FD</subfield>
    <subfield code="d">2022-05-11</subfield>
    <subfield code="e">Ahuja Book Co. Pvt. Ltd.</subfield>
    <subfield code="g">2599.00</subfield>
    <subfield code="i">SGTU</subfield>
    <subfield code="l">32</subfield>
    <subfield code="m">2</subfield>
    <subfield code="o">616.31 B22G</subfield>
    <subfield code="p">FD8673</subfield>
    <subfield code="r">2025-09-03 00:00:00</subfield>
    <subfield code="s">2025-08-23</subfield>
    <subfield code="w">2022-04-16</subfield>
    <subfield code="y">BK</subfield>
    <subfield code="k">14353</subfield>
  </datafield>
  <datafield tag="952" ind1=" " ind2=" ">
    <subfield code="0">0</subfield>
    <subfield code="1">0</subfield>
    <subfield code="2">ddc</subfield>
    <subfield code="4">0</subfield>
    <subfield code="7">0</subfield>
    <subfield code="a">FD</subfield>
    <subfield code="b">FD</subfield>
    <subfield code="d">2022-05-11</subfield>
    <subfield code="e">Ahuja Book Co. Pvt. Ltd.</subfield>
    <subfield code="g">2599.00</subfield>
    <subfield code="i">SGTU</subfield>
    <subfield code="l">64</subfield>
    <subfield code="o">616.31 B22G</subfield>
    <subfield code="p">FD8674</subfield>
    <subfield code="q">2026-06-10</subfield>
    <subfield code="r">2026-05-27 14:23:05</subfield>
    <subfield code="s">2026-05-27</subfield>
    <subfield code="w">2022-04-16</subfield>
    <subfield code="y">BK</subfield>
    <subfield code="k">14353</subfield>
  </datafield>
  <datafield tag="952" ind1=" " ind2=" ">
    <subfield code="0">0</subfield>
    <subfield code="1">0</subfield>
    <subfield code="2">ddc</subfield>
    <subfield code="4">0</subfield>
    <subfield code="7">0</subfield>
    <subfield code="a">FD</subfield>
    <subfield code="b">FD</subfield>
    <subfield code="d">2022-05-11</subfield>
    <subfield code="e">Ahuja Book Co. Pvt. Ltd.</subfield>
    <subfield code="g">2599.00</subfield>
    <subfield code="i">SGTU</subfield>
    <subfield code="l">57</subfield>
    <subfield code="o">616.31 B22G</subfield>
    <subfield code="p">FD8675</subfield>
    <subfield code="r">2026-01-22 00:00:00</subfield>
    <subfield code="s">2026-01-06</subfield>
    <subfield code="w">2022-04-16</subfield>
    <subfield code="y">BK</subfield>
    <subfield code="k">14353</subfield>
  </datafield>
  <datafield tag="999" ind1=" " ind2=" ">
    <subfield code="c">22718</subfield>
    <subfield code="d">22718</subfield>
  </datafield>
</record>
